Cão Espião (Registo nº 31609)

Detalhes MARC
000 -Etiqueta do registo
Valores 00661nam a2200253 4500
010 ## - Número ISBN
ISBN 9789722626736
021 ## - Número do Depósito Legal
-- PT
Número 281173/08
090 ## -
-- 31609
100 ## - Dados gerais de processamento
Dados gerais 20121008d2008 a 0pory5003 ba
101 ## - Língua de publicação
-- por
-- eng
102 ## - País de publicação
-- PT
105 ## -
-- a z 000ay
200 1# - Titulo e menção de responsabilidade
Título próprio Cão Espião
Primeira menção de responsabilidade Andrew Cope
Outras menções de responsabilidade trad. Cristina Queiroz
-- il. Chris Mould
205 ## - Menção da edição
Edição 2ª ed.
210 ## - Publicação
Local de publicação Porto
Nome do editor Livraria Civilização
Data de publicação 2008
215 ## - Descrição física 
Paginação / Volumes 174 [2] p.
Dimensões 20 cm
675 ## - CDU
Notação 087.5
Edição BNL
Língua por
700 #1 - Autor principal (pessoa individual)
Apelido Cope
Nome Andrew
702 #1 - Autor secundário (pessoa individual)
Apelido Mould
Nome Chris
-- 440
702 #1 - Autor secundário (pessoa individual)
Apelido Queiroz
Nome Cristina
-- 730
930 ## -
-- BECRE
990 ## - Elementos KOHA
Tipo de documento Livro
995 ## - Localização e informação dos exemplares
-- 18
Exemplares
Situação do levantamento Estado Biblioteca de origem Biblioteca de empréstimo Código de barras Cota Permissão de empréstimo Tipo de documento
  Completo Biblioteca da Escola Básica e Secundária Dr Isidoro de Sousa Biblioteca da Escola Básica e Secundária Dr Isidoro de Sousa 6797EV 087.5 COP Disponível Livro




Powered by Koha